Logo BPK

Biblioteka

Politechniki Koszalińskiej

Longman dictionary of contemporary English / (Rekord nr 52513)

Szczegóły MARC
000 -ETYKIETA REKORDU
podpole kontrolne o stałej długości 00950nam a2200277 i 4500
001 - NUMER KONTROLNY REKORDU
pole kontrolne bg
020 ## - MIĘDZYNARODOWY ZNORMALIZOWANY NUMER KSIĄŻKI - ISBN
ISBN 0582776465
020 ## - MIĘDZYNARODOWY ZNORMALIZOWANY NUMER KSIĄŻKI - ISBN
ISBN 1405811269
020 ## - MIĘDZYNARODOWY ZNORMALIZOWANY NUMER KSIĄŻKI - ISBN
ISBN 9781405811262
040 ## - ŹRÓDŁO KATALOGOWANIA
Instytucja, która utworzyła rekord BPK
041 0# - KOD JĘZYKA
Kod języka tekstu eng
080 ## - UNIWERSALNA KLASYFIKACJA DZIESIĘTNA - UKD
UKD 811.111'374
920 ## - Międzynarodowy znormalizowany numer książki – ISBN
ISBN 0-582-77646-5
920 ## - Międzynarodowy znormalizowany numer książki – ISBN
ISBN 1-405-81126-9
920 ## - Międzynarodowy znormalizowany numer książki – ISBN
ISBN 978-1-405-81126-2
008 - POLE O STAŁEJ DŁUGOŚCI - DANE KONTROLNE
podpole kontrolne o stałej długości s pl f |000 0 pol
245 00 - TYTUŁ/ODPOWIEDZIALNOŚĆ
Tytuł Longman dictionary of contemporary English /
Pozostałe elementy strefy tytułu i oznaczenia odpowiedzialności [director Della Summers].
260 ## - STREFA ADRESU WYDAWNICZEGO
Miejsce wydania Harlow :
Nazwa wydawcy/dystrybutora Longman :
-- Pearson Education Limited,
Data publikacji, dystrybucji/powstania dokumentu 2003.
300 ## - STREFA OPISU FIZYCZNEGO
Objętość XVII, 1949 s. :
Inne cechy fizyczne il. ;
Rozmiary 23 cm +
Dokument towarzyszący 2 x CD ROM.
500 ## - UWAGI OGÓLNE
Tekst uwagi Tyt. grzbiet.: Longman contemporary English.
500 ## - UWAGI OGÓLNE
Tekst uwagi Na okł. podtyt.: the living dictionary.
650 #4 - HASŁO PRZEDMIOTOWE W FORMIE NAZWY OGÓLNEJ LUB JEDNOSTKOWEJ
Nazwa ogólna lub geograficzna Słowniki angielskie
700 1# - HASŁO DODATKOWE - NAZWA OSOBOWA
Nazwa osobowa SUMMERS, Della.
Określenie związku między hasłem a opisywanym materiałem Red.
942 ## - DODATKOWE ELEMENTY (KOHA)
Typ dokumentu Książka
Egzemplarze
Wycofany Status egzemplarza Uszkodzony Dostępność Lokalizacja stała Lokalizacja bieżąca Miejsce przechowywania Sygnatura Kod kreskowy Dział Typ dokumentu
      Tylko na miejscu Biblioteka Politechniki Koszalińskiej Biblioteka Politechniki Koszalińskiej Czytelnia Wydziałowa ul. Kwiatkowskiego 6e 80984 02349954 811.111(03) Język angielski - encyklopedie, słowniki Książka
      Dostępny Biblioteka Politechniki Koszalińskiej Biblioteka Politechniki Koszalińskiej Wypożyczalnia BG 80985 02349947   Książka
© 2023 Biblioteka Politechniki Koszalińskiej :: KOHA